Dlhopisy a ich daňové aspekty v kontexte dane z príjmu fyzických osôb

Investovanie do cenných papierov, najmä dlhopisov, sa v poslednom období stáva čoraz populárnejšou formou zhodnocovania úspor medzi bežnými občanmi. Dlhopisy ponúkajú relatívne stabilné výnosy, nižšiu mieru rizika v porovnaní s akciami a predvídateľný príjem v podobe úrokov (kupónov). Z hľadiska daň...

Full description

Saved in:
Bibliographic Details
Main Author: Želonka, Michal
Format: Book Chapter
Language:Slovak
Subjects:
Tags: Add Tag
No Tags, Be the first to tag this record!

MARC

LEADER 00000naa a2200000 4500
001 0312685
005 20251008082052.4
041 0 |a slo 
044 |a SK 
245 1 0 |a Dlhopisy a ich daňové aspekty v kontexte dane z príjmu fyzických osôb  |c Michal Želonka 
520 |a Investovanie do cenných papierov, najmä dlhopisov, sa v poslednom období stáva čoraz populárnejšou formou zhodnocovania úspor medzi bežnými občanmi. Dlhopisy ponúkajú relatívne stabilné výnosy, nižšiu mieru rizika v porovnaní s akciami a predvídateľný príjem v podobe úrokov (kupónov). Z hľadiska daňového práva však nie je možné zanedbať ani ich daňové posúdenie – najmä v prípade, že výnosy z týchto investícií podliehajú zrážkovej dani alebo sú naopak od dane oslobodené. 
610 2 0 |a dlhopisy 
610 2 0 |a papiere cenné 
610 2 0 |a výnosy 
610 2 0 |a zdaňovanie 
610 2 0 |a dane z príjmov 
610 2 0 |a osoby fyzické 
610 2 0 |a zákony 
100 1 |a Želonka, Michal